[Event "Norm Congress-GM 2018"]
[Site "Saint Louis"]
[Date "2018.02.08"]
[Round "1"]
[White "Chandra, Akshat"]
[Black "Paragua, Mark"]
[Result "1/2-1/2"]
[WhiteElo "2510"]
[BlackElo "2513"]
[Annotator "TA"]
[PlyCount "82"]
[EventDate "2018.??.??"]
[EventType "schev"]
[EventCountry "USA"]
[SourceTitle "playchess.com"]
[Source "ChessBase"]
[SourceQuality "1"]

{[%evp 9,82,25,24,17,9,11,11,0,0,0,0,0,0,0,18,14,21,18,21,12,19,8,15,6,5,3,10,6,14,-42,-29,-50,5,-33,-20,-16,0,0,0,0,31,32,128,148,153,174,167,166,160,175,168,161,215,198,410,220,237,230,225,238,202,24,28,0,0,0,0,0,0,0,0,0,0,0,0]} 1. e4 e5 2. Nf3 Nc6 3. Bb5 Nf6 4. d3 Bc5 5. Bxc6 dxc6 6. Nbd2 {C65: Ruy Lopez: Berlin Defence (3...Nf6), unusual lines and 4 0-0 Bc5} (6. O-O {keeps more tension.} Bd6 7. Nbd2 Be6 8. b3 Nd7 9. Nc4) 6... Be6 7. O-O Nd7 8. Nb3 (8. a4 {with more complications.} a5 9. b3 O-O 10. h3 Nb6 11. Ba3) 8... Bb6 9. Ng5 Bxb3 10. axb3 f6 11. Nf3 {[%cal Bg5f3,Bf3d2,Bd2c4][%mdl 32]} Nc5 12. Nd2 O-O 13. Nc4 Ne6 {[#]} 14. b4 $146 Qe7 15. Bd2 Kh8 16. Kh1 c5 17. bxc5 Bxc5 18. Qg4 Nd4 19. Rac1 (19. Ne3 $11) 19... b5 $15 20. Ne3 c6 (20... a5 $15) 21. f4 exf4 22. Rxf4 g6 23. Rcf1 a5 24. Qd1 Ne6 25. R4f3 Ng5 {[#]} (25... Bxe3 $14 26. Bxe3 a4) 26. Rxf6 $3 $16 {[%mdl 512]} Bxe3 (26... Rxf6 $2 {perishes.} 27. Bc3 $18) (26... Qxf6 27. Rxf6) 27. Rxf8+ Rxf8 28. Rxf8+ Qxf8 29. Bxe3 Ne6 30. d4 Qb4 (30... Kg8 $142 31. c3 Qf6) 31. h3 $18 a4 $2 (31... Kg8 {keeps fighting.} 32. c3 Qd6) 32. Qf3 (32. d5 $142 Qd6 33. Qf3 cxd5 34. exd5) 32... Kg8 33. d5 cxd5 34. exd5 Ng7 {[#]} 35. d6 $2 ({White has to play} 35. c3 $1 $18 {[%cal Rc3b4]} Qe7 36. Kh2) 35... Qxd6 $11 36. Qa8+ (36. Bf4 $5 {[%cal Rf4d6]} Qf8 37. Qd5+ Qf7 38. Qd2 $14) 36... Kf7 {The position is equal.} 37. Qb7+ Qe7 38. Qd5+ Qe6 39. Qb7+ Qe7 40. Qd5+ Qe6 41. Qb7+ Qe7 {Precision: White = 47%, Black = 53%.} 1/2-1/2

[Event "Norm Congress-GM 2018"]
[Site "Saint Louis"]
[Date "2018.02.08"]
[Round "1"]
[White "Khamrakulov, Djurabek"]
[Black "Bartholomew, John"]
[Result "1-0"]
[WhiteElo "2496"]
[BlackElo "2472"]
[Annotator "TA"]
[PlyCount "109"]
[EventDate "2018.??.??"]
[EventType "schev"]
[EventCountry "USA"]
[SourceTitle "playchess.com"]
[Source "ChessBase"]
[SourceQuality "1"]

{[%evp 24,109,0,-35,0,0,0,0,0,0,0,0,0,0,0,0,2,0,12,2,11,0,0,0,13,-8,0,0,0,0,0,0,4,0,0,0,0,0,0,0,0,-12,-17,-9,0,0,0,-20,-20,-20,-20,-18,-7,-3,0,0,0,0,0,0,0,0,0,0,0,0,0,0,8,8,8,8,325,8,402,402,2277,1897,4787,4787,29981,29982,29987,29988,29988,29989,29989,29990]} 1. e4 c5 2. Nf3 d6 3. d4 cxd4 4. Nxd4 Nf6 5. Nc3 Nc6 6. Bc4 e6 7. Be3 Bd7 8. Qe2 a6 9. a4 Be7 10. Rd1 Qc7 11. O-O O-O 12. Kh1 Rac8 13. Ba2 {LiveBook: 8 Partien} Nb4 {B88: Sizilianisch (Sosin-Angriff)} (13... Rfe8 14. f4 Nxd4 15. Rxd4 Bc6 16. f5 e5 17. Rc4 b5 18. axb5 axb5 19. Nxb5 Bxb5 20. Rxc7 Bxe2 21. Rxc8 Rxc8 {0-1 (30) Ciobanu,A (2210)-Parligras,M (2559) Iasi 2014}) 14. Bb3 d5 15. Bg5 {Droht stark e5.} dxe4 {Die Stellung ist ausgeglichen.} 16. Nxe4 Nbd5 $1 17. Nxf6+ Bxf6 18. Bxf6 Nxf6 19. Rfe1 $146 ({Vorgänger:} 19. f4 Qa5 20. Qf3 Bc6 21. Nxc6 Rxc6 {0-1 (41) Stahnecker,L (2170)-Richter,L (2118) Hannover 2013}) 19... Qa5 20. Qd2 Qxd2 (20... Qb6 {is interesting.} 21. Qe3 Rfd8 22. Kg1 h6 23. h3 Bc6) 21. Rxd2 Rfd8 22. c3 Kf8 23. Ree2 Ne8 24. Nf3 Nf6 25. Ne5 Be8 26. f4 b5 27. axb5 Bxb5 28. c4 {Droht Txd8+ und aus.} Be8 29. Bc2 Nd7 30. Nxd7+ ({Vergiftet wäre} 30. Bxh7 $2 Nxe5 31. fxe5 g6 $19) 30... Rxd7 31. Rxd7 Bxd7 $11 {[%mdl 4096] Endspiel KTL-KTL} 32. Bd3 Ba4 33. Kg1 Bb3 34. Kf2 a5 35. Ke3 Bxc4 36. Rc2 {[#]} Ba6 $1 {[%mdl 512]} 37. Rxc8+ (37. Bxa6 Rxc2) 37... Bxc8 {KL-KL} 38. Kd4 ({Nur nicht} 38. Bxh7 $2 g6 $19) 38... Ke7 39. Kc5 f5 40. Kb5 Kf6 41. Kxa5 e5 42. fxe5+ Kxe5 43. Ba6 Be6 44. Bb7 Bb3 45. Kb4 Bd1 46. Kc4 g5 47. b4 {Schwarz muss nun Kc5 beachten.} g4 $2 {[%mdl 8192] [#]} (47... Kd6 $11) 48. b5 $2 (48. Kc5 $1 $18) 48... f4 $2 {[%mdl 8192]} (48... Kd6 $1 $11 {und Schwarz steht sicher.}) 49. Kc5 $18 f3 {[#]} (49... Ke6 $142 50. Bc8+ Ke7) 50. b6 $1 Be2 {[#]} 51. Bxf3 $1 {[%mdl 512]} gxf3 (51... Bxf3 52. gxf3) 52. b7 {Weiß setzt Matt.} f2 53. b8=Q+ Ke4 54. Qe8+ Kd3 55. Qd7+ {Precision: Weiß = 73%, Schwarz = 46%.} 1-0

[Event "Norm Congress-GM 2018"]
[Site "Saint Louis"]
[Date "2018.02.08"]
[Round "1"]
[White "Gurevich, Daniel"]
[Black "Vorontsov, Pavlo"]
[Result "0-1"]
[WhiteElo "2483"]
[BlackElo "2559"]
[Annotator "TA"]
[PlyCount "116"]
[EventDate "2018.??.??"]
[EventType "schev"]
[EventCountry "USA"]
[SourceTitle "playchess.com"]
[Source "ChessBase"]
[SourceQuality "1"]

{[%evp 17,116,35,22,16,18,0,-2,-44,-41,-38,-40,-42,-21,-48,-47,-43,-44,-42,-39,-46,-45,-45,-54,-39,-29,-69,-69,-61,-61,-68,-45,-97,-104,-112,-109,-164,-91,-110,-90,-108,-110,-112,-103,-140,-112,-145,-145,-145,-145,-149,-118,-118,-118,-118,-110,-125,-119,-159,-159,-124,-156,-120,-144,-277,-276,-264,-258,-360,-278,-465,-462,-439,-429,-625,-608,-739,-743,-743,-615,-624,-692,-681,-653,-624,-619,-612,-596,-605,-485,-602,-531,-545,-513,-513,-504,-476,-469,-416,-391,-743,-715]} 1. d4 Nf6 2. Nf3 g6 3. g3 d5 4. Bg2 Bg7 5. c4 dxc4 6. Na3 Nc6 7. Nxc4 Be6 8. b3 Bd5 9. O-O O-O {LiveBook: 343 Games} 10. Ba3 {D77: Fianchetto Grünfeld: 6 0-0: Replies other than 6...c6} a5 11. Rc1 Nb4 12. Bxb4 $146 {The position is equal.} ({Predecessor:} 12. Qd2 Ne4 13. Qb2 c6 14. Rfd1 Nd6 15. Nxd6 exd6 16. Qd2 Re8 17. e3 Na6 {1-0 (45) Nikolic,P (2657)-Rowson,J (2494) Istanbul 2000}) 12... axb4 13. Qd2 e6 14. Qxb4 Rxa2 15. Ne3 Rxe2 16. Nxd5 Nxd5 17. Qxb7 Qb8 18. Qa6 Rb2 19. Ne5 Bxe5 20. dxe5 Qxb3 21. Qc4 Qxc4 22. Rxc4 Rd8 $36 {[%mdl 2048] Black has the initiative.} 23. Rd1 Rd7 {[#] ...Ne3! is the strong threat.} 24. Bf3 ({White should try} 24. Bxd5 $15 exd5 25. Rc6) 24... Nb6 $17 25. Rcc1 Rxd1+ 26. Rxd1 {[%mdl 4096] Endgame KRB-KRN} (26. Bxd1 $17 c5 27. h4) 26... Rc2 (26... Nc4 $19 27. Re1 Rb5) 27. Bb7 Kf8 28. Kg2 Ke7 29. Be4 Rc4 30. Bb1 h6 31. h4 g5 32. hxg5 hxg5 33. f3 Nd5 34. Kf2 Nc3 35. Re1 Rb4 36. Bd3 Rb2+ 37. Ke3 Nd5+ 38. Kd4 Rb4+ 39. Kc5 Rb3 40. Be4 (40. Bc4 $17 Rxf3 41. Bxd5 exd5 42. Kxd5) 40... Rc3+ $19 41. Kb5 c6+ {[%cal Bc7c6,Bc6d5][%mdl 32]} 42. Ka6 Kd7 {Strongly threatening ...Ra3+.} 43. Rb1 $2 (43. Ra1) 43... Kc8 {[%cal Rc3a3] [#]} 44. Bxd5 cxd5 {KR-KR} 45. Kb6 (45. Rf1 $142) 45... Kd7 46. f4 g4 47. Rg1 Ke7 48. Kb5 Kf8 49. Kb4 Rf3 50. Kc5 Kg7 51. Kd4 Kg6 52. Rg2 Rf1 53. Ke3 Kf5 54. Kd3 Ra1 55. Ke3 Ra3+ 56. Kd4 {If only White now had time for Rg1....} Kg6 57. Rg1 {White hopes to continue with Rg2.} f6 58. f5+ $2 (58. exf6 Kxf6 59. Rg2) 58... Kxf5 {Precision: White = 42%, Black = 84%.} 0-1

[Event "Norm Congress-GM 2018"]
[Site "Saint Louis"]
[Date "2018.02.08"]
[Round "1"]
[White "Boros, Denes"]
[Black "Abrahamyan, Tatev"]
[Result "1-0"]
[WhiteElo "2445"]
[BlackElo "2332"]
[Annotator "TA"]
[PlyCount "59"]
[EventDate "2018.??.??"]
[EventType "schev"]
[EventCountry "USA"]
[SourceTitle "playchess.com"]
[Source "ChessBase"]
[SourceQuality "1"]

{[%evp 27,59,0,50,34,50,54,51,49,50,55,108,102,112,106,168,157,162,171,164,177,184,165,199,75,112,87,119,101,197,197,485,474,29998,29999]} 1. d4 Nf6 2. c4 e6 3. Nc3 Bb4 4. e3 O-O 5. Bd3 d5 6. a3 Bxc3+ 7. bxc3 c5 8. cxd5 exd5 9. Ne2 b6 10. O-O Ba6 11. f3 Bxd3 12. Qxd3 Re8 13. Ng3 Nc6 {[%cal Bb8c6,Bc6a5,Ba5c4][%mdl 32]} 14. Bb2 Rc8 15. Rae1 {E49: Nimzo-Indian: Rubinstein: 5 Bd3 d5 6 a3 Bxc3+ 7 bxc3} Na5 (15... Qc7 16. e4 Ne7 17. e5 Nd7 18. a4 cxd4 19. cxd4 Qc2 20. Qxc2 Rxc2 21. Ba3 g6 22. Rc1 Ra2 23. Bxe7 Rxe7 {½-½ (64) Eljanov,P (2739)-Wang,Y (2737) Baku 2016}) 16. e4 Nc4 17. Bc1 {White is slightly better.} cxd4 18. cxd4 dxe4 (18... Kh8 $14) 19. fxe4 $16 Ng4 {With the idea ...Nce5!} 20. Rf3 b5 $146 (20... Nce5 $16 {is a better defense.} 21. dxe5 Nxe5) ({Predecessor:} 20... Nge5 21. dxe5 Nxe5 22. Qb3 Nxf3+ 23. Qxf3 {1-0 (61) Laukola,I (2094)-Mujunen,M (2182) ICCF email 2016}) 21. h3 $18 Nge5 22. dxe5 Nxe5 23. Qe2 (23. Qxb5 $6 Nxf3+ 24. gxf3 Re6 $16) 23... Nxf3+ 24. Qxf3 Rc2 25. Nh5 (25. Nf5 $18 {is more deadly.}) 25... Re6 26. Rf1 {[%cal Be1f1,Bf1d1,Bd1d8][%mdl 32]} Qd7 27. Be3 $40 {[%mdl 128] White wants a kill.} a5 {[#]} (27... h6 $16) 28. Rd1 $1 {[%cal Rd1d7]} ({But not} 28. Qg4 $2 Rg6 $19) 28... Qe7 $2 (28... Qe8 29. Bd4 Rg6) 29. Qg3 {[%csl Gh5][%cal Rg3g7]} f6 {[#]} (29... Rxg2+ $18 30. Qxg2 Rg6) 30. Rd8+ $1 {[%mdl 512] Precision: White = 65%, Black = 19%.} 1-0

[Event "Norm Congress-GM 2018"]
[Site "Saint Louis"]
[Date "2018.02.08"]
[Round "1"]
[White "Tsolakidou, Stavroula"]
[Black "Patel, Advait"]
[Result "1-0"]
[WhiteElo "2412"]
[BlackElo "2478"]
[Annotator "TA"]
[PlyCount "81"]
[EventDate "2018.??.??"]
[EventType "schev"]
[EventCountry "USA"]
[SourceTitle "playchess.com"]
[Source "ChessBase"]
[SourceQuality "1"]

{[%evp 17,81,14,15,13,8,-22,-15,-19,-20,-16,-14,-41,-40,-42,-37,-34,0,0,0,0,18,0,0,0,12,0,75,6,33,0,33,0,0,-25,-28,-28,-28,-28,-28,-28,-27,-26,-26,-22,14,8,36,37,120,111,433,423,428,416,507,509,1318,1312,1698,1691,1565,1322,29984,29985,29993,29994]} 1. d4 Nf6 2. Nf3 g6 3. c3 Bg7 4. Bg5 O-O 5. Nbd2 d6 6. e3 c5 7. Bd3 Nc6 8. O-O cxd4 9. exd4 h6 {LiveBook: 11 Partien. A46: Damenbauernspiele} (9... Qc7 10. Re1 a6 11. a4 h6 12. Bxf6 Bxf6 13. Nc4 e5 14. dxe5 dxe5 15. Be4 Rd8 16. Qe2 Ne7 17. Bc2 {0-1 (60) Mamedyarov,S (2762)-Svidler,P (2742) Novi Sad 2016}) 10. Bxf6 Bxf6 11. Ne4 $146 ({Vorgänger:} 11. Re1 e5 12. dxe5 Nxe5 13. Nc4 Be6 14. Ncxe5 dxe5 15. Nxe5 Qb6 16. Qc2 Rad8 17. Nc4 {½-½ (33) Schiendorfer,R (2348)-Johansson,B (2305) ICCF email 2009}) 11... Bg7 {Die Stellung ist ausgeglichen.} 12. d5 Ne5 13. Nxe5 dxe5 14. Qb3 f5 15. Nd2 Kh7 16. Rad1 e6 17. Bc4 exd5 18. Bxd5 Qf6 19. Nc4 Rd8 20. Rd2 ({Falsch wäre} 20. Bxb7 $2 Rb8 $19) 20... Rb8 21. Rfd1 Kh8 (21... b5 $11) 22. a4 ({Lieber} 22. Qa3 $16) 22... b6 23. Qb5 Qe7 24. Qc6 Bf6 25. Bf3 Rxd2 26. Rxd2 e4 27. Be2 Be6 28. Qd6 Re8 29. a5 bxa5 30. Nxa5 Qf7 31. Nc6 Bg5 32. Rd1 f4 {[#]} (32... Bf6 $14) 33. Bb5 $1 $36 {[%mdl 2048] Und weiter mit Se5 wäre nett. Weiss bestimmt, wo es lang geht.} Bg4 $2 {[%mdl 8192]} (33... Qf6 $16) 34. Ne5 $18 Rxe5 35. Qxe5+ Bf6 36. Qb8+ Kg7 (36... Qg8 $142 37. Qxf4 Bxd1 38. Qxh6+ Qh7 39. Qf8+ Qg8 40. Qxf6+ Kh7 41. Qh4+ Kg7 42. Qxe4 Qd8 43. Qb7+ Kh6 44. Qxa7 Bb3) 37. Ra1 e3 38. Rxa7 {[#] Droht Matt per Lc4.} exf2+ 39. Kxf2 Be7 40. Qe5+ Kh7 41. Rxe7 {Precision: Weiß = 63%, Schwarz = 34%.} 1-0

[Event "Norm Congress-GM 2018"]
[Site "Saint Louis"]
[Date "2018.02.09"]
[Round "2"]
[White "Paragua, Mark"]
[Black "Gurevich, Daniel"]
[Result "1-0"]
[WhiteElo "2513"]
[BlackElo "2483"]
[Annotator "TA"]
[PlyCount "83"]
[EventDate "2018.??.??"]
[EventType "schev"]
[EventCountry "USA"]
[SourceTitle "playchess.com"]
[Source "ChessBase"]
[SourceQuality "1"]

{[%evp 16,83,72,9,109,6,27,27,28,24,54,54,56,61,55,60,63,-2,83,83,83,84,81,85,152,69,79,74,63,66,74,75,63,58,58,68,85,87,92,76,79,81,116,94,91,82,110,83,83,83,83,77,190,197,176,159,178,159,169,185,267,251,261,241,245,225,576,350,5233,5233]} 1. d4 d5 2. Nf3 Nf6 3. c4 dxc4 4. Nc3 a6 5. e4 {[%cal Be2e4,Be4e5][%mdl 32]} b5 6. e5 Nd5 7. a4 e6 8. axb5 Bb4 {[#] D24: Queen's Gambit Accepted: 3 Nf3 Nf6 4 Nc3} 9. Qc2 $1 {LiveBook: 27 Games} ({Much weaker is} 9. Bxc4 Nxc3 10. bxc3 Bxc3+ 11. Bd2 Bxa1 $17) 9... Bb7 $146 (9... Nb6 $1 $11) ({Find the theoretical novelty and annotate with similar games:} 9... Nb6 10. Qe4 Qd5 11. Qg4 axb5 12. Rxa8 Qxa8 13. Be2 Kf8 14. O-O Bxc3 15. bxc3 h6 16. Qh4 {½-½ (37) Grischuk,A (2764)-Karjakin,S (2775) Moscow 2012}) 10. bxa6 (10. Bxc4 $16 {0-0 is the strong threat.} Nb6 11. Be2) 10... Rxa6 {The position is equal.} 11. Rxa6 Bxa6 12. Be2 c5 13. O-O h6 14. Nxd5 exd5 15. Be3 $1 O-O 16. Rd1 ({White should try} 16. dxc5 $14 Qe7 17. Nd4) 16... Qc7 (16... Qb6 $11 {keeps the balance.}) 17. dxc5 $16 Bxc5 18. Rxd5 Bxe3 19. fxe3 Nc6 (19... Nd7 $142) 20. Bxc4 (20. Rc5 $16 Qb6 21. Bxc4 Bxc4 22. Qxc4) 20... Nb4 $14 21. Rc5 $1 {[%cal Rc5c7]} Nxc2 22. Rxc7 Bxc4 23. Rxc4 Nxe3 $16 {[%mdl 4096] Endgame KRN-KRN} 24. Rb4 Rc8 25. Kf2 Nf5 26. Ke2 Rc2+ 27. Nd2 Rc5 28. Re4 Kf8 29. b4 Rd5 30. Nf3 Ke8 31. Rc4 Kd7 32. g4 Ne7 33. Ke3 f6 {[#]} (33... Rd1 $16) 34. Ke4 $1 $18 fxe5 35. Nxe5+ Ke6 36. Nd3 Rg5 37. h3 Nd5 (37... Kd6 {keeps fighting.} 38. Kd4 Nc6+ 39. Kc3 Rb5) 38. Rc6+ Kd7 39. Rc5 Kd6 40. Ra5 h5 $2 (40... Nc3+ 41. Kd4 Nb5+ 42. Kc4 Kc6 43. Ra6+ Kb7) 41. Ra6+ Kd7 $2 (41... Kc7 42. h4 Nc3+ 43. Kd4 Nb5+ 44. Kc4 Rxg4+ 45. Kxb5 Rxh4 46. Ra7+ Kd6 47. Rxg7 Rd4) 42. Ne5+ {Precision: White = 69%, Black = 37%.} 1-0

[Event "Norm Congress-GM 2018"]
[Site "Saint Louis"]
[Date "2018.02.09"]
[Round "2"]
[White "Khamrakulov, Djurabek"]
[Black "Tsolakidou, Stavroula"]
[Result "0-1"]
[WhiteElo "2496"]
[BlackElo "2412"]
[Annotator "TA"]
[PlyCount "90"]
[EventDate "2018.??.??"]
[EventType "schev"]
[EventCountry "USA"]
[SourceTitle "playchess.com"]
[Source "ChessBase"]
[SourceQuality "1"]

{[%evp 9,90,-3,19,10,42,0,0,0,0,-4,23,-7,39,-29,-24,-39,-13,-39,-43,-77,-43,-91,-64,-104,-96,-228,-214,-198,-200,-336,-288,-331,-321,-324,-331,-314,-292,-294,-118,-122,-121,-199,-190,-182,-189,-192,-182,-181,-190,-287,-293,-293,-293,-288,-281,-271,-277,-318,-306,-301,-314,-324,-326,-1204,-1198,-1191,-1170,-1137,-1025,-999,-988,-972,-958,-937,-942,-942,-936,-906,-906,-839,-818,-725,-58]} 1. Nf3 Nf6 2. c4 e6 3. Nc3 Bb4 4. g4 {[%cal Bg2g4,Bg4g5][%mdl 32]} O-O 5. g5 Ne8 {LiveBook: 43 Games} 6. Bg2 {A17: English Opening: 1...Nf6 with ...Bb4} c5 7. Qc2 Nc6 $146 ({Predecessor:} 7... d5 8. h4 Nc6 9. cxd5 exd5 10. a3 Bxc3 11. dxc3 Nd6 12. Bf4 Bf5 {1-0 (25) Iturrizaga Bonelli,E (2641)-Riff,J (2499) Berlin 2015}) 8. a3 {The position is equal.} Ba5 9. h4 f5 10. O-O e5 11. e3 (11. b4 $14 cxb4 12. axb4 Bxb4 13. Nd5) 11... d6 $11 12. d3 Be6 13. Bd2 Qd7 14. Kh2 Rb8 15. Rad1 a6 16. Bc1 Qf7 17. Rg1 (17. Ng1 $17 {was worth a try.}) 17... Bxc3 $19 18. bxc3 Qh5 19. Bh1 (19. Rh1 $142) 19... Ne7 20. Kg2 Ng6 21. Kf1 f4 (21... Nxh4 22. Nxh4 Qxh4 23. f4 $17) 22. exf4 Bg4 (22... Nxh4 23. Nxh4 Qxh4 24. Qe2 $15) (22... Nxf4 23. Rg3 $19) 23. Qe2 {If only White now had time for Rxg4....} Nxh4 (23... Nxf4 $19 {has better winning chances.} 24. Bxf4 Rxf4) 24. Rxg4 $17 Qxg4 25. Nxh4 (25. Ng1 $17 Qxe2+ 26. Nxe2) 25... Qxh4 $19 {[%cal Rh4h1]} 26. Bd5+ Kh8 27. fxe5 Nc7 $1 $40 {[%cal Rc7d5,Be8c7,Bc7e6,Be6f4][%mdl 160] Black goes for the king.} 28. Be4 {[#]} Ne6 $1 (28... dxe5 29. Kg2 $11) 29. Kg2 (29. exd6 $142 Nxg5 30. Bxg5 Qxg5 31. d4) 29... Nf4+ ({Worse is} 29... dxe5 30. Rh1 $16) 30. Bxf4 Rxf4 31. Rh1 Qxg5+ 32. Kf1 h6 ({Less strong is} 32... Qxe5 33. Rxh7+ Kg8 34. Rh5 $17) 33. exd6 Rbf8 {Threatens to win with ...Qg3.} 34. Rh2 Qe5 {Strongly threatening ...Rxe4.} 35. Bxb7 Qxd6 ({Don't play} 35... Qxc3 36. d7 $19) 36. f3 $2 (36. Bd5) 36... Rb8 {Black is clearly winning.} 37. Bd5 Rb1+ 38. Kf2 Qb8 39. Ke3 Rf8 {( -> ...Qf4+)} 40. d4 Re8+ 41. Be4 cxd4+ 42. Kxd4 Qd6+ 43. Ke3 {[#]} Rxe4+ $1 {[%mdl 512]} 44. fxe4 (44. Kxe4 Rb7) 44... Qg3+ 45. Kd4 {[#]} Ra1 $2 {Precision: White = 32%, Black = 69%.} (45... Rd1+ $1 $19 {[%mdl 512]} 46. Qxd1 Qd6+ 47. Ke3 Qxd1) 0-1

[Event "Norm Congress-GM 2018"]
[Site "Saint Louis"]
[Date "2018.02.09"]
[Round "2"]
[White "Patel, Advait"]
[Black "Boros, Denes"]
[Result "1-0"]
[WhiteElo "2478"]
[BlackElo "2445"]
[Annotator "TA"]
[PlyCount "165"]
[EventDate "2018.??.??"]
[EventType "schev"]
[EventCountry "USA"]
[SourceTitle "playchess.com"]
[Source "ChessBase"]
[SourceQuality "1"]

{[%evp 15,165,23,65,0,19,0,0,0,-10,-16,4,0,21,8,6,0,6,-4,29,21,31,18,27,16,30,12,14,9,16,0,14,0,-3,-31,-37,-26,-20,-28,-24,-27,-19,-33,-27,-33,-28,-34,-29,-24,0,0,49,24,175,171,169,163,228,124,137,69,80,80,62,57,170,93,104,114,206,87,270,277,356,230,235,206,193,139,141,139,137,138,150,166,159,154,140,154,152,0,0,-124,-132,-132,-113,-129,-119,-118,6,6,6,6,0,0,31,43,60,0,42,26,33,41,39,29,104,100,183,204,349,341,429,429,393,495,414,347,620,609,707,708,716,637,29970,29973,29968,6520,29972,29973,29971,29973,29978,29980,29979,29981,29983,29984,29984,29983,29986,29987,29987,29988]} 1. e4 e5 2. Nf3 Nc6 3. Bb5 {[%cal Bf1b5,Bb5a4,Ba4b3][%mdl 32]} a6 4. Ba4 d6 5. O-O b5 6. Bb3 Na5 7. d4 exd4 {C70: Ruy Lopez: 3...a6 4 Ba4, Norwegian and Delayed Schliemann} 8. Qxd4 (8. Nxd4 Bb7 9. a4 c5 10. Qf3 Nf6 11. Nf5 g6 12. Nh6 Nxb3 13. Qxb3 Qd7 14. axb5 axb5 15. Rxa8+ Bxa8 16. Re1 Bxh6 17. Bxh6 {1-0 (35) Wang,H (2709)-Vallejo Pons,F (2707) Riadh 2017}) 8... Bb7 {LiveBook: 7 Games} 9. c4 Nf6 {The position is equal.} 10. Nc3 $146 ({Predecessor:} 10. e5 c5 11. Qe3 dxe5 12. Nxe5 Be7 13. cxb5 O-O {0-1 (38) Vrana,L (2223)-Anokhin,Y (2393) ICCF email 2016}) 10... Be7 11. Bf4 O-O 12. Rfe1 Nh5 13. Bd2 Nf6 14. Rad1 b4 15. Na4 Nd7 16. Bc2 Nc6 (16... Ne5 {looks sharper.} 17. Nxe5 dxe5 18. Qxe5 Nxc4 19. Qf4 Nxd2 20. Rxd2 Bg5) 17. Qe3 Re8 18. Bc1 Qc8 19. b3 Nde5 20. h3 Nxf3+ 21. Qxf3 Ne5 22. Qg3 Ng6 23. Be3 Bc6 24. Nb2 Bh4 25. Qf3 Bf6 26. Bd4 Bxd4 27. Rxd4 Qe6 28. Qe3 Qf6 29. Nd3 Nh4 30. e5 $1 {[%cal Re5f6]} dxe5 31. Rg4 Bd7 32. Re4 $1 $36 {[%cal Rd3e5][%mdl 2048] White has the initiative.} Nf5 33. Qd2 {[%cal Rd3e5]} Nh4 $2 (33... Bc6 $1 $11 {and Black has nothing to worry.} 34. Rxe5 Red8) 34. Nxe5 $18 ({Don't play} 34. Rxe5 $6 a5 $14) 34... Be6 35. Qxb4 Red8 (35... Bf5 {keeps fighting.}) 36. c5 (36. R4e2 $18) 36... Ng6 37. Nc6 (37. Nxg6 $16 hxg6 38. Qa5) 37... a5 $1 $14 {[%cal Ra5b4]} 38. Nxa5 Rdb8 39. Qa4 $1 {Black must now prevent R4e3.} Qb2 (39... Qc3 $14 40. b4 Bf5) 40. R1e2 (40. b4 $18) 40... Qc1+ 41. Kh2 Nf8 (41... Qg5 $16 {might work better.}) 42. b4 (42. R4e3 $18) 42... Qg5 $2 (42... Bd7 $16 43. c6 Bf5) 43. Qa3 Qf6 {and the idea ...Bd5 leaves Black hopeful.} 44. Qe3 Bd5 45. Rf4 Qg5 {[%csl Gd5][%cal Rg5g2]} 46. Qg3 ({Better is} 46. Rg4 $18 Qxe3 47. Rxe3) 46... Qxg3+ $16 47. fxg3 {aiming for Rd2.} Ne6 48. Rg4 h5 49. Rh4 g5 50. Rxh5 {Hoping for a3.} Rxb4 51. Nb3 $1 Rba4 52. Re5 $2 (52. Bf5 $1 $16) 52... c6 $11 53. Nc1 (53. Re2 $11) 53... Rc4 $17 {[%mdl 1024] Black has strong compensation.} 54. Re2 Nd4 $1 {[%cal Rd4e2]} 55. Bh7+ Kg7 56. Re1 {[#]} Rh8 ({Black should play} 56... f5 $1 $17 57. h4 Rc2 58. Bxf5 Nf3+ 59. Kh1 Nxe1 60. Rxg5+ Kf6 61. Bxc2 Nxc2) 57. Bd3 $1 $11 Rxc1 $1 ({Of course not} 57... Rxh5 58. Bxc4 Bxc4 59. Re4 $16) 58. Rxg5+ Kf6 59. Rxd5 $1 Nf3+ 60. gxf3 Rxe1 $14 {[%mdl 4096] Endgame KRR-KRB} 61. Rd4 ({White should try} 61. Rf5+ $14 Kg7 62. g4) 61... Rb8 {( -> ...Rb2+)} 62. g4 Rb2+ 63. Kg3 Rd2 64. Rf4+ Ke7 (64... Kg7 $11 65. Be4 Rg1+ 66. Kh4 f6) 65. Be4 $16 Rxa2 (65... Rc1 $16 {was called for.}) 66. Bxc6 $18 Ra5 (66... Rg1+ {was necessary.} 67. Kh4 Rc2) 67. Bd5 f6 68. Rc4 Kd8 {[#]} 69. Be4 $1 Rg1+ 70. Kh2 Rd1 $2 (70... Raa1 71. c6 Kc7) 71. h4 {[%cal Bh3h4,Bh4h5,Bh5h6,Bh6h7][%mdl 32]} Raa1 72. Kg3 Kc7 73. Kf4 Rac1 74. Rxc1 Rxc1 {KR-KB} 75. c6 Rc5 76. h5 {White mates.} Kd6 77. h6 Re5 78. h7 Re8 79. Kf5 Rf8 80. Kg6 Ke7 81. Bd5 f5 82. Bg8 Rf6+ 83. Kg5 {Precision: White = 64%, Black = 40%.} 1-0